| 000 | 00343nam a2200145Ia 4500 | ||
|---|---|---|---|
| 008 | 230917s9999||||xx |||||||||||||| ||und|| | ||
| 040 |
_e83498 _aMAIN |
||
| 041 | _aEnglish | ||
| 082 | _a824.09 W152E | ||
| 100 | _aWalker, Hugh | ||
| 245 | 0 | _aEnglish essay and essayists | |
| 260 |
_aDelhi _bS Chand _c1966 |
||
| 300 | _a343 p. | ||
| 942 | _cBK | ||
| 999 |
_c197205 _d197205 |
||